Datum a čas kvízu

29.5 Celkem bodů Celkový počet nahraných bodů na tomto kvízu bez doplňovacích otázek.
3. Pořadí na kvízu Konečné umístění týmu na tomto kvízu.

Zaznamenané odpovědi

# Otázka Odpověď Body Výsledky
1. Ve kterém českém městě se minu... v Plzni 0
2. Ve kterém městě byl minulý týd... v Abú Dhabí 0
3. Minulý týden jsme se dozvěděli... Francie 1
4. Který ostrovní stát zavedl jak... Island 0
5. Na střídačce HC Rytíři Kladno,... David Čermák; Tomáš Plekanec 0.5
6. Mezi nejúspěšnější sourozence... 2000; 2012 0.5
7. Sourozenci Taschlerovi nás rep... Natálie; Filip 0
8. Opomenout v tomto tématu nesmí... 7,5 km; 6 km 0
9. Nyní bude vaším úkolem uhodnou... v triatlonu 0
10. Na závěr se podíváme na bratrs... B) Maďarsko 0